000 00756cam a2200229 a 4500
001 17000460
005 20201128020941.0
008 111014s2012 enka b 001 0 eng
010 _a 2011043051
020 _a9780273763796 (pbk.)
082 0 0 _a657
_223
_bCOM
245 0 0 _aComparative International Accounting /
_c[edited by] Christopher Nobes and Robert Parker.
250 _a12th ed.
260 _aHarlow, England ;
_aNew York :
_bPearson,
_c2012.
300 _axxi, 595 p. :
_bill. ;
_c25 cm.
504 _aIncludes bibliographical references and indexes.
650 0 _aComparative accounting.
_91164
653 _bBus
_cFebruary2013
700 1 _aNobes, Christopher.
_91163
700 1 _aParker, R. H.
_q(Robert Henry)
_932780
942 _2ddc
_cBB
999 _c17341
_d17313